000 01005pam a2200289 a 4500
999 _c21795
_d21795
001 3051318
003 OSt
005 20170123093106.0
008 960610s1996 paua 000 0 eng
010 _a 96009447
020 _a0764300369
040 _aDLC
_cDLC
_dDLC
050 0 0 _aTT186
_b.P68 1996
082 0 0 _a745.51
_220
100 1 _aPozsgai, Frank.
245 1 0 _a54 3-D scroll saw patterns /
_cFrank Pozsgai.
246 3 _aFifty-four three-dimensional scroll saw patterns
246 3 _aFifty-four three-D scroll saw patterns
260 _aAtglen, PA :
_bSchiffer Pub.,
_cc1996.
300 _a48 p. :
_bill. (some col.) ;
_c28 cm.
440 2 _aA Schiffer book for woodworkers
650 0 _aJig saws.
650 0 _aWoodwork
_xPatterns.
906 _a7
_bcbc
_corignew
_d1
_eocip
_f19
_gy-gencatlg
942 _2lcc
_cBOOKS
_hNK 8242 .B38 1996